000 01010nam a22003137a 4500
003 CHAP
005 20220817042002.0
008 971013s1979 r 00010 d
010 _a30918
011 _a31890
035 _a36002
040 _cCHAP
082 _a621.3125
_bN3
100 0 0 _aNavarrete, Manuel.
_980531
245 _aIntroducción al estudio de los radioisotopos
260 _aMéxico, D. F. :
_bComisión Federal de Electricidad,
_c1979
300 _a299 p.
_b: ilus. ; gráfs.
490 _aEdiciones del sector electrico
590 _aBATCH-UPD
_b10
_c20130110
_lUCH01
_h0253
590 _aBATCH-UPD
_b10
_c20130110
_lUCH01
_h2237
590 _aBATCH-UPD
_b10
_c20130409
_lUCH01
_h2324
590 _aBATCH-UPD
_b10
_c20130914
_lUCH01
_h1923
590 _aCONVERSION
_b10
_c20130109
_lUCH01
_h1318
650 1 4 _aRadioisótopos.
_993701
830 0 _aEdiciones del sector electrico
901 _aBK
942 _cLIBRO
949 _a621.3125 N3
_bBC
_cLIBRO
_d33724000015772
_eLIBRO
_h58315
_i36002
_si
999 _c30918
_d30918